[Event "Women's Speed Chess Q5"]
[Site "chess.com INT"]
[Date "2020.06.22"]
[Round "13"]
[White "Zvereva, Margarita"]
[Black "Hng, Mei-En Emmanuelle"]
[Result "1-0"]
[WhiteTitle "WFM"]
[BlackTitle "WFM"]
[WhiteElo "1929"]
[BlackElo "2029"]
[WhiteFideId "34177741"]
[BlackFideId "5804566"]
[EventDate "2020.06.22"]

1. d4 Nf6 2. Nf3 c5 3. d5 e6 4. c4 exd5 5. cxd5 d6 6. Nc3 g6 7. e4 Bg7 8. Be2
O-O 9. O-O Re8 10. Bd3 Bg4 11. h3 Bxf3 12. Qxf3 Nbd7 13. Bf4 Ne5 14. Qe2 Nfd7
15. Bc2 a6 16. a4 Qc7 17. a5 b5 18. axb6 Qxb6 19. Ba4 Reb8 20. Rab1 c4 21. Be3
Nc5 22. f4 Ned3 23. Bc6 Ra7 24. e5 dxe5 25. Na4 Qa5 26. Nxc5 Nxc5 27. Qxc4 Bf8
28. b4 Qa3 29. Bxc5 Bxc5+ 30. bxc5 Rxb1 31. Rxb1 Qe3+ 32. Kh1 e4 33. Bb7 Qxf4
34. c6 Qf5 35. c7 Rxb7 36. Rxb7 e3 37. c8=Q+ Kg7 38. Qxf5 gxf5 39. Qd4+ Kg6 40.
Rb6+ Kg5 41. Qxe3+ f4 42. Qe5+ f5 43. Qf6+ 1-0

[Event "Women's Speed Chess Q5"]
[Site "chess.com INT"]
[Date "2020.06.22"]
[Round "13"]
[White "Sukandar, Irine Kharisma"]
[Black "Divya, Deshmukh"]
[Result "0-1"]
[WhiteTitle "IM"]
[BlackTitle "WIM"]
[WhiteElo "2413"]
[BlackElo "2305"]
[WhiteFideId "7101937"]
[BlackFideId "35006916"]
[EventDate "2020.06.22"]

1. d4 Nf6 2. Bf4 d5 3. e3 Bf5 4. c4 e6 5. Nc3 Bb4 6. Qb3 Bxc3+ 7. bxc3 b6 8. Nf3
O-O 9. h3 h6 10. Be2 Nbd7 11. O-O Ne4 12. cxd5 exd5 13. Rfc1 Ndf6 14. c4 c5 15.
Be5 Rc8 16. cxd5 Nxd5 17. Bc4 Ne7 18. Rd1 cxd4 19. Rxd4 Qe8 20. Bb5 Nc6 21. Rdd1
Nc5 22. Qb2 Be4 23. Bxg7 Bxf3 24. gxf3 Qe6 25. Bxf8 Rxf8 26. Bxc6 Qxc6 27. Kh2
f6 28. Rg1+ Kh7 29. Qc2+ f5 30. Qc3 Rf7 31. Rg3 h5 32. Rag1 Qd6 33. f4 Qf8 34.
f3 Re7 35. Rg5 Qf7 36. Qd4 Ne6 0-1

[Event "Women's Speed Chess Q5"]
[Site "chess.com INT"]
[Date "2020.06.22"]
[Round "13"]
[White "Zimina, Olga"]
[Black "Bogumil, Tatiana"]
[Result "1-0"]
[WhiteTitle "IM"]
[BlackTitle "WGM"]
[WhiteElo "2378"]
[BlackElo "2182"]
[WhiteFideId "4132190"]
[BlackFideId "4110579"]
[EventDate "2020.06.22"]

1. Nf3 Nf6 2. c4 c5 3. d4 b6 4. Nc3 Bb7 5. d5 d6 6. e4 g6 7. Bd3 Bg7 8. O-O O-O
9. Re1 Ng4 10. h3 Ne5 11. Nxe5 Bxe5 12. Bh6 Re8 13. Qd2 Bh8 14. f4 Nd7 15. e5
dxe5 16. f5 e4 17. Nxe4 Ne5 18. Rf1 Nxd3 19. Qxd3 Qc7 20. fxg6 hxg6 21. Ng5 Bf6
22. Rae1 Rad8 23. Ne6 Qd7 24. Nxd8 Rxd8 25. Qe2 b5 26. b3 a5 27. Bf4 Kg7 28. Be5
bxc4 29. bxc4 Ba6 30. Qf2 Bxc4 31. Bxf6+ exf6 32. Qxf6+ Kg8 33. Re7 Qxd5 34.
Rfe1 Rf8 35. Re8 Qd4+ 36. Qxd4 cxd4 37. Rxf8+ Kxf8 38. a3 d3 39. Kf2 Bb3 40. Ke3
a4 41. Kxd3 Kg7 42. g3 g5 43. Re5 Kg6 44. Kc3 Be6 45. h4 1-0

[Event "Women's Speed Chess Q5"]
[Site "chess.com INT"]
[Date "2020.06.22"]
[Round "13"]
[White "Berend, Elvira"]
[Black "Chitlange, Sakshi"]
[Result "1-0"]
[WhiteTitle "WGM"]
[BlackTitle "WIM"]
[WhiteElo "2326"]
[BlackElo "2167"]
[WhiteFideId "4000510"]
[BlackFideId "35002899"]
[EventDate "2020.06.22"]

1. d4 Nf6 2. c4 e6 3. g3 d5 4. Nf3 Bb4+ 5. Bd2 Be7 6. Bg2 O-O 7. O-O c6 8. Qc2
b6 9. Bf4 Bb7 10. Rd1 Nbd7 11. Ne5 Rc8 12. Nc3 Nh5 13. Be3 f5 14. Qa4 Nxe5 15.
dxe5 a6 16. cxd5 b5 17. Qb3 cxd5 18. a4 b4 19. Na2 a5 20. Nc1 f4 21. Bd4 fxg3
22. hxg3 Bc5 23. Qe3 Bxd4 24. Rxd4 Qb6 25. Nb3 g6 26. Bf3 Ng7 27. g4 Rc2 28. Kg2
h5 29. Rh1 Qd8 30. Qh6 Qe8 31. Nxa5 Ba6 32. Rd2 Rxd2 33. Qxd2 hxg4 34. Bxg4 Nf5
35. Nb3 Qxa4 36. Nc5 Qb5 37. Nxa6 Qxa6 38. Qg5 Kg7 39. Bxf5 Rxf5 40. Qh6+ Kf7
41. Qh7+ Ke8 42. Qxg6+ Rf7 43. Rh8+ Ke7 44. Qg5+ Kd7 45. Qd8+ Kc6 46. Qd6+ Kb5
47. Rb8+ Rb7 48. Qd7+ Kb6 49. Qxe6+ Ka7 50. Qxa6+ Kxa6 51. Rxb7 Kxb7 52. f4 Kc7
53. f5 Kd7 54. f6 Ke6 55. Kf3 Kf7 56. Ke3 Ke6 57. Kd4 1-0

[Event "Women's Speed Chess Q5"]
[Site "chess.com INT"]
[Date "2020.06.22"]
[Round "13"]
[White "Socko, Monika"]
[Black "Enkhtuul, Altan-Ulzii"]
[Result "1-0"]
[WhiteTitle "GM"]
[BlackTitle "WGM"]
[WhiteElo "2428"]
[BlackElo "2228"]
[WhiteFideId "1106619"]
[BlackFideId "4901444"]
[EventDate "2020.06.22"]

1. Nf3 g6 2. e4 Bg7 3. d4 d6 4. c4 c5 5. dxc5 Qa5+ 6. Nc3 dxc5 7. Bd2 Qd8 8. Be2
Nc6 9. O-O Bg4 10. Be3 Bxf3 11. Bxf3 Nd4 12. Qa4+ Kf8 13. Rfd1 Nh6 14. e5 Nxf3+
15. gxf3 Qc7 16. Qd7 Qxd7 17. Rxd7 Nf5 18. f4 b6 19. Rad1 Bh6 20. Nb5 Kg7 21.
Nxa7 f6 22. exf6+ Kxf6 23. Rb7 Rhd8 24. Rxd8 Rxd8 25. Rxb6+ e6 26. Kf1 Rd1+ 27.
Ke2 Ra1 28. Bxc5 Rxa2 29. Nc6 Bxf4 30. Nd8 Bc7 31. Rxe6+ Kg5 32. Nf7+ Kh5 33.
Kf3 Rxb2 34. Be3 Nh4+ 35. Ke4 Rb4 36. Kd5 Nf5 37. Ne5 Rb1 38. c5 Rd1+ 39. Kc6
Ba5 40. Kb5 Bd8 41. Nf7 Rb1+ 42. Kc6 Ba5 43. Re4 Rd1 44. Ne5 Rb1 45. Nc4 Bd8 46.
Re8 Bh4 47. Kd7 Rd1+ 48. Nd6 Bf6 49. Re6 Bb2 50. Kc6 Ba3 51. Nxf5 gxf5 52. h3 f4
53. Bxf4 Kh4 54. Rh6# 1-0

[Event "Women's Speed Chess Q5"]
[Site "chess.com INT"]
[Date "2020.06.22"]
[Round "13"]
[White "Zavivaeva, Emilia"]
[Black "Starosta, Martyna"]
[Result "1-0"]
[WhiteTitle "WCM"]
[BlackTitle "WCM"]
[WhiteElo "1735"]
[BlackElo "2079"]
[WhiteFideId "34127531"]
[BlackFideId "21818754"]
[EventDate "2020.06.22"]

1. e4 e5 2. Nf3 Nc6 3. Nc3 Nf6 4. d4 exd4 5. Nxd4 Bb4 6. Nxc6 bxc6 7. Bd3 d6 8.
O-O Be6 9. Bg5 h6 10. Bh4 g5 11. Bg3 h5 12. f3 h4 13. Bf2 g4 14. Bd4 g3 15. h3
Bc5 16. Bxc5 dxc5 17. Be2 Qc8 18. f4 Bxh3 19. f5 Bxg2 20. Kxg2 Ke7 21. e5 Nd5
22. Nxd5+ cxd5 23. f6+ Ke8 24. Qxd5 h3+ 25. Kxg3 Rg8+ 26. Kf4 Rb8 27. Rh1 Rg2
28. Bc4 Qg4+ 29. Ke3 Rg3+ 30. Kd2 Rd8 31. Bb5+ Rd7 32. Bxd7+ Qxd7 33. Qxd7+ Kxd7
34. Rag1 Rg2+ 35. Rxg2 hxg2 36. Rg1 Ke6 37. Rxg2 Kxe5 38. Rf2 c6 39. Kc3 a6 40.
Kc4 Ke4 41. Kxc5 Ke3 42. Rf1 Ke2 43. Rf5 Ke3 44. Kxc6 Ke4 45. Rf1 Ke3 46. c4 Kd2
47. Rh1 Ke2 48. Rh2+ Ke3 49. Rh7 Kd4 50. Rxf7 Kxc4 51. Ra7 Kd4 52. Rxa6 Kd3 53.
f7 Kc2 54. f8=Q Kb1 55. Qc5 Ka1 56. Qc1# 1-0

[Event "Women's Speed Chess Q5"]
[Site "chess.com INT"]
[Date "2020.06.22"]
[Round "13"]
[White "Dwilewicz, Katarzyna"]
[Black "Huda, Maryana"]
[Result "1-0"]
[WhiteTitle "WFM"]
[BlackTitle "WGM"]
[WhiteElo "2120"]
[BlackElo "2128"]
[WhiteFideId "1148486"]
[BlackFideId "14116553"]
[EventDate "2020.06.22"]

1. e4 e5 2. Nf3 Nc6 3. Bb5 a6 4. Ba4 Nf6 5. O-O b5 6. Bb3 Bb7 7. d3 Be7 8. Re1
O-O 9. Nc3 h6 10. a4 b4 11. Nd5 Na5 12. Nxe7+ Qxe7 13. Ba2 b3 14. cxb3 d5 15.
exd5 Qd6 16. b4 Qxb4 17. Bd2 Qb6 18. b4 Nxd5 19. bxa5 Qd6 20. Rxe5 Rad8 21. Rb1
Ba8 22. d4 Qg6 23. Rb3 Rd6 24. Bb1 Qf6 25. Qe1 Rdd8 26. h3 Bc6 27. Qe4 g6 28.
Bxh6 Nc3 29. Qf4 Qxf4 30. Bxf4 Nxb1 31. Rxb1 Bxf3 32. gxf3 Rxd4 33. Re4 Rd5 34.
Bxc7 Rc8 35. Bb6 Rc2 36. Rbe1 Kh7 37. Kg2 g5 38. Kg3 Kg6 39. Re8 Rdd2 40. Rg8+
Kh6 41. Ree8 Rd1 42. Rh8+ Kg6 43. Reg8+ Kf5 44. f4 gxf4+ 45. Kh4 Rh1 46. Rh5+
Ke4 47. Re8+ Kf3 48. Rf5 Rc6 49. Kg5 1-0

[Event "Women's Speed Chess Q5"]
[Site "chess.com INT"]
[Date "2020.06.22"]
[Round "13"]
[White "Linares Napoles, Oleiny"]
[Black "Khalafova, Narmin"]
[Result "0-1"]
[WhiteTitle "WGM"]
[BlackTitle "WGM"]
[WhiteElo "2215"]
[BlackElo "2279"]
[WhiteFideId "3504794"]
[BlackFideId "13402625"]
[EventDate "2020.06.22"]

1. c4 e5 2. Nc3 Bb4 3. Nd5 Bc5 4. e3 c6 5. Nc3 Nf6 6. d4 exd4 7. exd4 Bb4 8. Bd3
d5 9. Ne2 O-O 10. O-O h6 11. c5 Nbd7 12. a3 Ba5 13. Bf4 Bc7 14. Qd2 Re8 15. Rae1
Nf8 16. Ng3 Bxf4 17. Qxf4 Be6 18. b4 N6h7 19. b5 Qf6 20. Nh5 Qxf4 21. Nxf4 Nf6
22. h3 Bd7 23. bxc6 bxc6 24. Rxe8 Nxe8 25. Rb1 Bc8 26. Kf1 Nc7 27. Ke1 Nfe6 28.
Nfe2 Kf8 29. Kd2 a5 30. Na4 Ba6 31. Bxa6 Rxa6 32. Rb7 Ke7 33. Kd3 Ra8 34. Nb6
Rd8 35. a4 f5 36. Ra7 g5 37. g3 Kf6 38. Rxa5 g4 39. h4 f4 40. Ra7 f3 41. Nc3 Ne8
42. a5 N8g7 43. Nd7+ Kg6 44. Ne5+ Kh7 45. Nxc6 Rc8 46. Ne5 Kg8 47. Nxd5 Nf5 48.
Ke4 Nfxd4 49. Ne7+ Kf8 50. Nxc8 Nc2 51. Nd6 Nxc5+ 52. Kd5 Na4 53. Ng6+ Kg8 54.
Ra8+ Kg7 55. Ne5 Kf6 56. Rf8+ Kg7 57. Rf7+ Kg8 58. Nf5 Nb4+ 0-1

[Event "Women's Speed Chess Q5"]
[Site "chess.com INT"]
[Date "2020.06.22"]
[Round "13"]
[White "Nikoladze, Sopio"]
[Black "Balabayeva, Xeniya"]
[Result "0-1"]
[WhiteTitle "WIM"]
[BlackTitle "WFM"]
[WhiteElo "2132"]
[BlackElo "2146"]
[WhiteFideId "13600427"]
[BlackFideId "13719688"]
[EventDate "2020.06.22"]

1. d4 Nf6 2. Nf3 d5 3. e3 b6 4. Bd3 Bb7 5. b3 Nbd7 6. Bb2 e6 7. Nbd2 Bd6 8. Ne5
c5 9. f4 Qc7 10. Qf3 Rf8 11. O-O O-O-O 12. a4 c4 13. bxc4 dxc4 14. Be4 Nxe4 15.
Nxe4 Be7 16. f5 Nxe5 17. dxe5 Qc6 18. Nd6+ Bxd6 19. Qxc6+ Bxc6 20. exd6 exf5 21.
Ba3 Rfe8 22. Rxf5 f6 23. Kf2 Kb7 24. a5 Re6 25. axb6 axb6 26. Rf4 Be4 27. h4 h6
28. Ra2 g5 29. hxg5 hxg5 30. Rg4 Kc6 31. Rb2 Ra8 32. Bb4 Ra1 33. Bc3 b5 34. Bxf6
Rxf6+ 35. Kg3 Bd5 36. Rxg5 Rxd6 37. e4 Ra3+ 38. Kf4 Rf6+ 39. Rf5 Rxf5+ 40. Kxf5
Bg8 41. e5 Re3 42. g4 Bd5 43. g5 Rf3+ 44. Kg6 Kc5 45. Ra2 b4 46. Ra7 b3 47. cxb3
cxb3 48. Rc7+ Kb6 49. Rc1 b2 50. Rd1 Be4+ 51. Kg7 b1=Q 52. Rxb1+ Bxb1 53. e6 Bf5
54. e7 Bd7 55. g6 Kc6 56. Kh8 Kd6 57. g7 Rh3+ 58. Kg8 Ke6 59. Kf8 Rf3+ 60. Kg8
Kxe7 61. Kh8 Rh3+ 62. Kg8 Be6# 0-1

[Event "Women's Speed Chess Q5"]
[Site "chess.com INT"]
[Date "2020.06.22"]
[Round "13"]
[White "Pham, Bich Ngoc"]
[Black "Ilyuchyk, Yana"]
[Result "1-0"]
[WhiteTitle "WIM"]
[BlackTitle "WFM"]
[WhiteElo "2235"]
[BlackElo "2119"]
[WhiteFideId "12401285"]
[BlackFideId "13508407"]
[EventDate "2020.06.22"]

1. g3 g6 2. Bg2 Bg7 3. e4 c5 4. f4 d6 5. Nf3 e6 6. O-O Nc6 7. c3 Nge7 8. d3 O-O
9. Be3 b6 10. Nbd2 d5 11. e5 Bb7 12. a4 Nf5 13. Bf2 d4 14. Qe2 dxc3 15. bxc3 Qd7
16. Ne4 Ba6 17. Rfd1 Rad8 18. g4 Nfe7 19. Nd6 Nd5 20. Qd2 f6 21. Bg3 fxe5 22.
fxe5 Rxf3 23. Bxf3 Nxe5 24. Bxe5 Bxe5 25. Ne4 Qg7 26. d4 Bf4 27. Qa2 Be3+ 28.
Kh1 cxd4 29. cxd4 Bxd4 30. Rac1 Be3 31. Rc6 Qf7 32. Bg2 Bb7 33. Nd6 Rxd6 34.
Rxd6 Nf4 35. Rd8+ Kg7 36. R8d7 Bxg2+ 37. Qxg2 Nxg2 38. Rxf7+ Kxf7 39. Kxg2 Bc5
40. Rd7+ Kf6 41. Rxh7 a5 42. Kf3 g5 43. Ke4 Bb4 44. Rh6+ Ke7 45. Rg6 Bd2 46.
Rg7+ Kd6 47. Kd3 Bf4 48. h3 Kc5 49. Rf7 Kb4 50. h4 Kxa4 51. h5 Be5 52. Re7 b5
53. Rxe6 Ba1 54. h6 b4 55. h7 Ka3 56. Re8 a4 57. h8=Q Bxh8 58. Rxh8 b3 59. Kc3
Ka2 60. Rh2+ Ka3 61. Rh1 b2 62. Rb1 Ka2 63. Rxb2+ Ka3 64. Rb5 Ka2 65. Rxg5 a3
66. Ra5 Kb1 67. Rxa3 1-0

[Event "Women's Speed Chess Q5"]
[Site "chess.com INT"]
[Date "2020.06.22"]
[Round "13"]
[White "Mahalakshmi, M"]
[Black "Sharma, Isha"]
[Result "0-1"]
[WhiteTitle "WIM"]
[BlackTitle "WIM"]
[WhiteElo "2253"]
[BlackElo "2276"]
[WhiteFideId "5001080"]
[BlackFideId "35006665"]
[EventDate "2020.06.22"]

1. d4 Nf6 2. Bf4 d6 3. e3 g6 4. Nd2 Bg7 5. c3 O-O 6. Ngf3 c5 7. h3 cxd4 8. cxd4
Nc6 9. Be2 Bf5 10. O-O Nb4 11. a3 Nd3 12. Bxd3 Bxd3 13. Re1 Rc8 14. Qb3 Bc2 15.
Qxb7 Rb8 16. Qxa7 Rxb2 17. Rec1 Bf5 18. a4 Nd5 19. Bh2 Nb4 20. Qc7 Nd3 21. Qxd8
Rxd8 22. Rc7 e5 23. e4 Bc8 24. d5 f5 25. a5 Ba6 26. Rc6 Bb5 27. Rb6 Bh6 28. a6
Bxa6 29. Rxb2 Nxb2 30. Rxa6 Nd3 31. Kf1 Nc5 32. Ra2 fxe4 33. Ne1 Rf8 34. Ke2 Rb8
35. Nc4 Bf8 36. f3 Rb4 37. Rc2 exf3+ 38. Nxf3 Rb3 39. Ng5 Be7 40. Ne4 Nxe4 41.
Nd2 Nxd2 42. Kxd2 Kf7 43. Ke2 Rb7 44. Bg1 Rb5 45. Rd2 Bg5 46. Rd3 Rb2+ 47. Kf3
Kf6 48. g3 h5 49. h4 Bh6 50. Bf2 Kf5 51. Rd1 e4+ 52. Kg2 e3 53. Rf1 Rxf2+ 54.
Rxf2+ exf2 55. Kxf2 Ke4 56. Ke2 Kxd5 57. Kf3 Ke5 58. g4 d5 59. gxh5 gxh5 60. Ke2
d4 61. Kd1 Kd5 62. Ke2 Ke4 63. Kd1 d3 64. Ke1 d2+ 65. Kd1 Ke3 66. Kc2 Ke2 0-1

[Event "Women's Speed Chess Q5"]
[Site "chess.com INT"]
[Date "2020.06.22"]
[Round "13"]
[White "Yakimova, Mariya"]
[Black "Hoang, Thi Bao Tram"]
[Result "1-0"]
[WhiteTitle "WFM"]
[BlackTitle "WGM"]
[WhiteElo "2269"]
[BlackElo "2288"]
[WhiteFideId "34188859"]
[BlackFideId "12401102"]
[EventDate "2020.06.22"]

1. d4 d5 2. c4 c6 3. Nf3 Nf6 4. Nc3 dxc4 5. a4 Bf5 6. e3 e6 7. Bxc4 Bb4 8. O-O
Nbd7 9. Qe2 Bg6 10. Rd1 Qa5 11. Bd2 O-O 12. e4 Bh5 13. e5 Nd5 14. Nxd5 cxd5 15.
Bxb4 Qxb4 16. Bd3 f6 17. Bb5 Rad8 18. exf6 Rxf6 19. Rac1 Bxf3 20. gxf3 Qd6 21.
Bxd7 Qxd7 22. Rc3 Rdf8 23. Rdc1 Qxa4 24. Qe5 Rg6+ 25. Kh1 Qb5 26. b3 h6 27. h4
Rgf6 28. Rg1 Qd7 29. Rc7 Qxc7 30. Qxc7 R8f7 31. Qb8+ Kh7 32. Rg3 Rf4 33. Qe5
Rxh4+ 34. Kg2 g6 35. Qxe6 Rg7 36. Qxd5 Rf4 37. Qe5 Rff7 38. d5 Rd7 39. d6 a6 40.
Rg4 b5 41. Rd4 a5 42. Qd5 Rgf7 43. Qxb5 Kg7 44. Qe5+ Kh7 45. Rc4 Rf5 46. Qe6
Rff7 47. Rc8 h5 48. Qe8 Kh6 49. Qe3+ Kg7 50. Qe6 Kh6 51. Re8 Kg5 52. Re7 Rf6 53.
Qxf6+ Kxf6 54. Rxd7 1-0

[Event "Women's Speed Chess Q5"]
[Site "chess.com INT"]
[Date "2020.06.22"]
[Round "13"]
[White "Sviridova, Vlada"]
[Black "Mkrtchian, Lilit"]
[Result "0-1"]
[WhiteTitle "WFM"]
[BlackTitle "IM"]
[WhiteElo "2144"]
[BlackElo "2388"]
[WhiteFideId "24109606"]
[BlackFideId "13300601"]
[EventDate "2020.06.22"]

1. d4 d5 2. c4 c6 3. Nf3 Nf6 4. Nc3 dxc4 5. a4 Bf5 6. Ne5 Nbd7 7. Nxc4 Qc7 8. g3
e5 9. dxe5 Nxe5 10. Bf4 Nfd7 11. Bg2 g5 12. Ne3 gxf4 13. Nxf5 O-O-O 14. Qc2 Nc5
15. O-O fxg3 16. hxg3 a5 17. Rad1 h5 18. Ne4 Nxe4 19. Qxe4 Bb4 20. Bh3 Kb8 21.
Qf4 Ng6 22. Qxc7+ Kxc7 23. Kg2 h4 24. Nd4 hxg3 25. fxg3 Ne5 26. Rf5 Rhe8 27. Nf3
Rxd1 28. Nxe5 f6 29. Nd3 Rxe2+ 30. Kf3 Re6 31. Nf4 Red6 32. Rh5 Rb1 33. Rh7+ Kb8
34. Be6 Rxb2 35. Kg4 Bd2 36. Rh8+ Ka7 37. Bc8 Bxf4 38. gxf4 Rb4 39. Kf5 Rxa4 40.
Rh7 Rb4 41. Be6 a4 42. Kxf6 Rxf4+ 43. Ke5 Rfd4 44. Bc8 R4d5+ 45. Ke4 Rb5 46. Rh3
Rb3 47. Rh2 a3 48. Ra2 Rd1 49. Be6 Rc3 50. Ke5 Re3+ 51. Kf6 Rf1+ 52. Ke7 Rfe1
53. Kd7 Rxe6 54. Rxa3+ Kb8 55. Rh3 R6e3 56. Rh8+ Re8 57. Rh3 R1e7+ 58. Kd6 Kc8
59. Kc5 Rd7 60. Kb6 Rd5 61. Rh7 Rb5+ 62. Ka7 Re1 63. Rh8+ Kd7 0-1

[Event "Women's Speed Chess Q5"]
[Site "chess.com INT"]
[Date "2020.06.22"]
[Round "13"]
[White "Smietanska, Wiktoria"]
[Black "Kalinina, Larisa"]
[Result "1-0"]
[WhiteTitle "CM"]
[BlackTitle "WIM"]
[WhiteElo "1593"]
[BlackElo "2131"]
[WhiteFideId "21869359"]
[BlackFideId "14106361"]
[EventDate "2020.06.22"]

1. c4 e5 2. Nc3 g6 3. Nf3 Bg7 4. d4 exd4 5. Nxd4 Nf6 6. g3 O-O 7. Bg2 Nc6 8. Nc2
Ne5 9. Ne3 d6 10. O-O Re8 11. b3 Neg4 12. Qc2 Nxe3 13. Bxe3 Ng4 14. Bd2 c6 15.
h3 Nf6 16. Rfd1 Qe7 17. Bf4 Rd8 18. Qd2 Bf8 19. c5 d5 20. Bd6 Qe6 21. Bxf8 Rxf8
22. Re1 Ne4 23. Nxe4 dxe4 24. Qd4 f5 25. f3 e3 26. Rad1 Qe7 27. Rd3 Re8 28. Rc1
f4 29. Qxf4 Bf5 30. Rd6 Qe5 31. Qxe5 Rxe5 32. f4 Re7 33. Rcd1 h5 34. Rd8+ Rxd8
35. Rxd8+ Kf7 36. Kh2 Bb1 37. a3 Bc2 38. b4 a6 39. g4 hxg4 40. hxg4 Bb3 41. Kg3
Kf6 42. Be4 Rxe4 43. g5+ Kf7 44. Kf3 Re7 45. Rd3 Bd5+ 46. Kg4 Bc4 47. Rd6 Re6
48. Rd7+ Re7 49. Rd6 Be6+ 50. Kf3 Bd5+ 51. Kg4 Bg2 52. f5 gxf5+ 53. Kxf5 Be4+
54. Kf4 Kg7 55. Rf6 Bd5 56. Rd6 1-0

[Event "Women's Speed Chess Q5"]
[Site "chess.com INT"]
[Date "2020.06.22"]
[Round "13"]
[White "Padmini, Rout"]
[Black "Nguyen, Thi Thanh An"]
[Result "1-0"]
[WhiteTitle "IM"]
[BlackTitle "WGM"]
[WhiteElo "2370"]
[BlackElo "2285"]
[WhiteFideId "5029295"]
[BlackFideId "12400300"]
[EventDate "2020.06.22"]

1. e4 c5 2. Nf3 d6 3. c3 Nf6 4. Be2 e6 5. O-O Be7 6. Re1 O-O 7. Bf1 b6 8. d4 Bb7
9. Nbd2 cxd4 10. cxd4 Nbd7 11. Bd3 Re8 12. Nf1 Rc8 13. Ng3 Nf8 14. Bd2 Qd7 15.
Qb3 Qc7 16. a4 Red8 17. a5 Rb8 18. Rac1 Bc6 19. d5 bxa5 20. Qc2 exd5 21. exd5
Nxd5 22. Qxc6 Qxc6 23. Rxc6 Bf6 24. Bxa5 Rdc8 25. Rxd6 Nf4 26. Ba6 Rc2 27. Bc3
Bxc3 28. bxc3 Rxc3 29. Nf5 g6 30. Ne7+ Kg7 31. Nd5 Nxd5 32. Rxd5 Rb6 33. Bd3 Ne6
34. g3 Ra3 35. Kg2 a5 36. Bc4 Rc3 37. Bd3 a4 38. Nd4 Nxd4 39. Rxd4 a3 40. Bc4
Rb4 41. Ree4 Rb2 42. Rf4 f5 43. Rd7+ Kf6 44. Rf7+ Ke5 45. Re7+ Kf6 46. Ra7 a2
47. Bxa2 Rcc2 48. Ra6+ Kg7 49. Bd5 h5 50. h4 Rd2 51. Ba8 Ra2 52. Rxa2 Rxa2 53.
Bc6 Rb2 54. Bf3 Kf6 55. Rc4 Rb6 56. Rc6+ Rxc6 57. Bxc6 g5 58. Bf3 g4 59. Be2 Ke5
60. Kf1 f4 61. Ke1 f3 62. Bf1 Ke4 63. Kd2 Kd4 64. Bd3 Ke5 65. Bg6 1-0

[Event "Women's Speed Chess Q5"]
[Site "chess.com INT"]
[Date "2020.06.22"]
[Round "13"]
[White "Martynyuk, Elizaveta"]
[Black "De Seroux, Camille"]
[Result "1-0"]
[WhiteTitle "FM"]
[BlackTitle "WIM"]
[WhiteElo "2041"]
[BlackElo "2137"]
[WhiteFideId "24128511"]
[BlackFideId "1305620"]
[EventDate "2020.06.22"]

1. e4 c5 2. Nf3 d6 3. d4 cxd4 4. Nxd4 Nf6 5. Nc3 Nc6 6. Bg5 e6 7. Qd2 Qb6 8.
Bxf6 gxf6 9. Nb3 Bd7 10. O-O-O O-O-O 11. Kb1 Kb8 12. f4 h5 13. g3 Rg8 14. f5 Ne5
15. fxe6 fxe6 16. Bh3 Ng4 17. Bxg4 hxg4 18. Qf4 Be7 19. h3 gxh3 20. Rxh3 e5 21.
Qf1 Bxh3 22. Qxh3 Qc7 23. Nd5 Qd7 24. Qh7 Rge8 25. Rh1 Qe6 26. Qg7 f5 27. Rh6
Qd7 28. Rh7 Qb5 29. a3 fxe4 30. Nxe7 e3 31. Nc1 e2 32. Nxe2 e4 33. Nc3 Qf1+ 34.
Ka2 Qc4+ 35. b3 Qa6 36. Nxe4 Rd7 37. Nc6+ Qxc6 38. Qxd7 Qxd7 39. Rxd7 Rxe4 40.
Rxd6 Re2 41. Kb2 Rg2 42. Rg6 Kc7 43. Rg8 a5 44. g4 b6 45. g5 Kb7 46. g6 Kc7 47.
a4 Kb7 48. Kc3 Kc7 49. Kd4 Rg5 50. Ke4 Kb7 51. Kf4 Rg2 52. Kf5 Rxc2 53. Kf6 Rb2
54. Re8 Rf2+ 55. Kg7 Kc6 56. Kh8 Rh2+ 57. Kg8 Kc5 58. g7 Rg2 59. Re3 Kb4 60. Rf3
b5 61. axb5 Kxb5 62. Kf8 Kb4 63. g8=Q 1-0

[Event "Women's Speed Chess Q5"]
[Site "chess.com INT"]
[Date "2020.06.22"]
[Round "13"]
[White "Shukhman, Anna"]
[Black "Dauletova, Gulmira"]
[Result "1/2-1/2"]
[WhiteTitle "WCM"]
[BlackTitle "WIM"]
[WhiteElo "1866"]
[BlackElo "2319"]
[WhiteFideId "54180058"]
[BlackFideId "13702971"]
[EventDate "2020.06.22"]

1. e4 e5 2. Nf3 Nc6 3. Bb5 a6 4. Bxc6 dxc6 5. O-O Qf6 6. d4 exd4 7. Bg5 Qd6 8.
Nxd4 Be7 9. Bxe7 Nxe7 10. c3 O-O 11. Nd2 c5 12. N4f3 b6 13. Nc4 Qf4 14. Qd3 Ng6
15. Rad1 Bg4 16. Qe3 Rfe8 17. Rfe1 Qf6 18. Rd2 h6 19. Red1 Qe6 20. b3 Qxe4 21.
Qxe4 Rxe4 22. Rd8+ Re8 23. Rxa8 Rxa8 24. Re1 Bxf3 25. gxf3 Rd8 26. Re2 Rd3 27.
Ne5 Rxc3 28. Nxg6 fxg6 29. Re7 Rc2 30. Rxc7 Rxa2 31. Rb7 Rb2 32. Rxb6 c4 33.
Rxa6 cxb3 34. Rb6 g5 35. Rb7 Kh7 36. Rb6 Kg8 37. Rb7 Kh7 38. Rb6 h5 39. Kg2 h4
40. h3 g6 41. Rb7+ Kh6 42. f4 gxf4 43. Kf3 g5 44. Rb6+ Kh5 45. Rb8 Rb1 46. Rh8+
Kg6 47. Rb8 b2 48. Rb5 Rh1 49. Rxb2 Rxh3+ 50. Kg4 Rh2 51. Rb6+ Kg7 52. Kxg5 Rxf2
53. Rb7+ Kf8 54. Kxh4 Rg2 55. Rb4 f3 56. Rf4+ Kg7 57. Rxf3 Kg6 58. Rg3+ Rxg3 59.
Kxg3 1/2-1/2

[Event "Women's Speed Chess Q5"]
[Site "chess.com INT"]
[Date "2020.06.22"]
[Round "13"]
[White "Shafigullina, Zarina"]
[Black "Filippova, Margarita"]
[Result "0-1"]
[WhiteTitle "WFM"]
[BlackTitle "WFM"]
[WhiteElo "2296"]
[BlackElo "1931"]
[WhiteFideId "24174220"]
[BlackFideId "34199680"]
[EventDate "2020.06.22"]

1. d4 Nf6 2. Nf3 d5 3. g3 c6 4. c3 Bg4 5. Bg2 e6 6. O-O Bd6 7. Nbd2 Nbd7 8. Re1
O-O 9. e4 dxe4 10. Nxe4 Be7 11. h3 Bh5 12. g4 Bg6 13. Nxf6+ Bxf6 14. Bf4 c5 15.
Bd6 Re8 16. dxc5 Rc8 17. Ne5 Nxc5 18. Nxg6 hxg6 19. Bxc5 Rxc5 20. Qxd8 Rxd8 21.
Rad1 Ra5 22. a3 Rb5 23. Rxd8+ Bxd8 24. b4 Rb6 25. Rd1 Bf6 26. c4 Ra6 27. Rd3 Bb2
28. Bxb7 Rxa3 29. Rd8+ Kh7 30. c5 Ra1+ 31. Kg2 Be5 32. Rd7 a5 33. b5 a4 34. c6
a3 35. Rd8 a2 36. Ra8 Rb1 37. Rxa2 Rxb5 38. Ra8 Rb2 39. Rd8 Rc2 40. Rd7 Kg8 41.
h4 f5 42. gxf5 gxf5 43. Re7 Bf6 44. Rxe6 Bxh4 45. Re8+ Kf7 46. Rc8 Rxf2+ 47. Kh3
Bf6 48. c7 Rc2 49. Bd5+ Kg6 50. Be6 Kg5 51. Bd7 Be5 52. Be6 Rxc7 53. Rxc7 Bxc7
54. Kg2 f4 55. Bd5 Kf5 56. Bc6 g5 57. Kf3 g4+ 58. Kg2 f3+ 0-1